|
|
|
|
| LEADER |
00000nam1a2200000 4500 |
| 001 |
260653 |
| 005 |
20231031221230.0 |
| 035 |
|
|
|a (RuTPU)RU\TPU\book\283606
|
| 035 |
|
|
|a RU\TPU\book\280807
|
| 090 |
|
|
|a 260653
|
| 100 |
|
|
|a 20140516d1982 m y0rusy50 ca
|
| 101 |
1 |
|
|a fre
|c rus
|
| 102 |
|
|
|a RU
|
| 200 |
1 |
|
|a Общий курс физики
|d Cours de Physique Generale
|f Д. В. Сивухин
|
| 210 |
|
|
|a Москва
|c Мир
|d 1982
|
| 300 |
|
|
|a На французском языке.
|
| 510 |
1 |
|
|a Cours de Physique Générale
|z fre
|
| 700 |
|
1 |
|a Сивухин
|b Д. В.
|g Дмитрий Васильевич
|
| 801 |
|
0 |
|a RU
|b 63413507
|c 20011210
|g PSBO
|
| 801 |
|
2 |
|a RU
|b 63413507
|c 20140522
|g PSBO
|
| 942 |
|
|
|c BK
|